<?xml version="1.0" encoding="UTF-8"?>
<record
    xmlns:xsi="http://www.w3.org/2001/XMLSchema-instance"
    xsi:schemaLocation="http://www.loc.gov/MARC21/slim http://www.loc.gov/standards/marcxml/schema/MARC21slim.xsd"
    xmlns="http://www.loc.gov/MARC21/slim">

  <leader>01501nam a2200205Ia 4500</leader>
  <controlfield tag="001">b6493-46457 </controlfield>
  <controlfield tag="003">IT-MiCISF</controlfield>
  <controlfield tag="008">161014s9999||||xx |||||||||||||| ||und||</controlfield>
  <datafield tag="040" ind1=" " ind2=" ">
    <subfield code="a">IT-MiCISF</subfield>
    <subfield code="c">IT-MiCISF</subfield>
  </datafield>
  <datafield tag="041" ind1=" " ind2=" ">
    <subfield code="a">it</subfield>
  </datafield>
  <datafield tag="100" ind1=" " ind2=" ">
    <subfield code="a">Dogliotti Massimo</subfield>
  </datafield>
  <datafield tag="245" ind1=" " ind2="0">
    <subfield code="a">Affidamento condiviso e diritti dei minori</subfield>
    <subfield code="b">(Legge 8 febbraio 2006, n. 54)</subfield>
  </datafield>
  <datafield tag="250" ind1=" " ind2=" ">
    <subfield code="a">1a ed.</subfield>
  </datafield>
  <datafield tag="260" ind1=" " ind2=" ">
    <subfield code="a"> Torino</subfield>
    <subfield code="b">Giappichelli</subfield>
    <subfield code="c">2008</subfield>
  </datafield>
  <datafield tag="300" ind1=" " ind2=" ">
    <subfield code="a">pp. 350</subfield>
  </datafield>
  <datafield tag="500" ind1=" " ind2=" ">
    <subfield code="a">Giuliano S., Longo F., Ferrando G., Ravot E., Ansaldo A., Figone A., Martinelli P., Mazza Galanti F., Zambrano V. / divorzio, affido-condiviso, diritto, diritti-bambino, obbligo-di-mantenimento, abitazione, nullit&#xE0; / 1. Principi generali e linee di tendenza (M. Dogliotti). - 2. Affidamento condiviso e diritti dei minori (M. Dogliotti). - 3. Affidamento condiviso e individuale (M. Dogliotti). - 4. il mantenimento dei figli minori (S. Giuliano). - 5. Il mantenimento dei figli maggiorenni (F. Longo). - 6. L'assegnazione della casa familiare (G. Ferrando). - 7. L'annullamento del matrimonio (E. Ravot). - 8. Il divorzio (A. Ansaldo). - 9. Affidamento condiviso e filiazione naturale (M. Dogliotti). - 10. Profili processuali (A. Figone). - 11. L'ascolto del minore (P. Martinelli-F. Mazza Galanti). - 12. Affidamento condiviso ed esperienze stra-niere: much ado about nothing (V. Zambrano). - Appendice giurisprudenziale. - Indice analitico. </subfield>
  </datafield>
  <datafield tag="650" ind1=" " ind2=" ">
    <subfield code="a"> Famiglia nella societ&#xE0; / divorzio</subfield>
    <subfield code="e">006</subfield>
  </datafield>
  <datafield tag="942" ind1=" " ind2=" ">
    <subfield code="c">BK</subfield>
  </datafield>
  <datafield tag="957" ind1=" " ind2=" ">
    <subfield code="7">1</subfield>
  </datafield>
  <datafield tag="999" ind1=" " ind2=" ">
    <subfield code="a">46457</subfield>
    <subfield code="b">si</subfield>
    <subfield code="g">1</subfield>
    <subfield code="c">210546</subfield>
    <subfield code="d">210546</subfield>
  </datafield>
  <datafield tag="952" ind1=" " ind2=" ">
    <subfield code="0">0</subfield>
    <subfield code="1">0</subfield>
    <subfield code="4">0</subfield>
    <subfield code="6">B_649346457</subfield>
    <subfield code="7">1</subfield>
    <subfield code="a">CISF</subfield>
    <subfield code="b">CISF</subfield>
    <subfield code="d">2016-10-14</subfield>
    <subfield code="l">0</subfield>
    <subfield code="o">b6493-46457 </subfield>
    <subfield code="r">2016-10-14 00:00:00</subfield>
    <subfield code="w">2016-10-14</subfield>
    <subfield code="y">BK</subfield>
    <subfield code="z">Data import 15.10.2016 / by Epidotti, Vaglietti</subfield>
  </datafield>
</record>
